| 000 | 01764nam a22002537a 4500 | ||
|---|---|---|---|
| 005 | 20250718153536.0 | ||
| 008 | 250718t2025 xxk|||||o|||| 00| 0 eng d | ||
| 041 | _aeng | ||
| 110 | _aRoyal Institution of Chartered Surveyors | ||
| 245 |
_aRICS Draft Professional Standard: ESG in commercial property valuation 4th edition _ba consultation _h[Electronic resource] |
||
| 260 |
_aLondon, _bRoyal Institution of Chartered Surveyors, _c30 June 2025 |
||
| 300 | _a27p. | ||
| 490 | _aRICS Consultation | ||
| 520 | _aESG is a global priority for commercial property stakeholders globally and this document will support its appropriate consideration in valuation. Valuation underpins trillions of dollars of commercial property investment globally and with ESG as a key priority there are opportunities and risks for providers and end-users. The proposed updated standard represents a significant expansion in the ESG requirements and suggested good practice from the previous version. It also includes jurisdictional content for the first time, and we are reliant on our stakeholders to feedback on its accuracy and relevance. Consultation opened 30 June 2025 closes 12 September 2025 | ||
| 650 | _aCOMMERCIAL PROPERTY | ||
| 650 | _aESG | ||
| 650 | _aVALUATION | ||
| 651 | _aInternational | ||
| 690 |
_aValuation _96273 |
||
| 710 | _aRoyal Institution of Chartered Surveyors | ||
| 856 |
_uhttps://consultations.rics.org/gf2.ti/-/1745794/252008773.1/PDF/-/ESG%20in%20commercial%20property%20valuation%204th%20edition%20-%20consultation%20document%202025.pdf _zView the consultation document on RICS.org |
||
| 856 |
_uhttps://consultations.rics.org/esgincommercialvaluation/ _zView the RICS iConsult homepage on esg commercial valuation |
||
| 942 | _n0 | ||
| 999 |
_c122201 _d122201 |
||